00819nam a2200181 a 4500008004100000020001500041050001800056100002300074245019300097260003100290300001400321350000900335650003400344650002900378995008700407999001700494952012600511120416s1973 ||||||||||||||||| || u a0408704373 aQD 415.A1 Int aGovindachari, T. R14aThe chemistry of natural products: VIII plenary lectures presented at the eighth International Symposium on the Chemistry of Natural Products held at New Delhi, India, 6-12 February 1972.  aLondonbButterworthsc1973 avi, 177p. a0.00 aNATURAL PRODUCTS--CONGRESSES  aBIOCHEMISTRY--CONGRESSES D0.00FCBU-MAIN LIBRARY (Kitwe)H1I8.50M1UAVAILABLEZAnnex Low-Usage Collection  c37221d37221 00102lcc4070a001b001cAnnex Low-Usage Collection d2022-11-30l0oQD 415.A1 Intp013811r2022-11-30w2022-11-30y002